000 00322nam a2200133 i 4500
001 bg
100 1 _aROZENBERG, W. J.
245 0 _aWstęp do teorii systemów pomiarowych /
_cW.J. Rozenberg.
260 _aWarszawa,
_c1982.
040 _cBPK
041 _apol
942 _cKS
008 s pl f |000 0 pol
999 _c21899
_d21899
856 _uhttp://koha.tu.koszalin.pl/cgi-bin/koha/opac-detail.pl?biblionumber=21899
_yKatalog online BPK